Quiz sur la planète Uranus - Statistiques

Statistiques générales
  • Ce quiz a été pris 68 fois
  • Le résultat moyen est 3 sur 10
Statistiques - réponses
Question Réponse % Correct
Quel est sa position dans le système solaire ? 7e
100%
Combien a t-elle de satellites ? 28 (en 2024)
45%
Quel gaz lui-donne sa couleur bleue ? Le méthane
30%
Citer un des deux artistes dramaturges et poètes dont les personnages ont donné leur noms aux lunes d'Uranus. William Shakespeare et Alexander Pope
28%
Quel record établit Uranus parmi les planètes ? C'est la planète la plus froide (-220°C)
25%
Quelle est la particularité de l'axe de rotation d'Uranus ? Il est incliné de presque 90° par rapport à son orbite
23%
Par qui ? William Herschel
21%
En quelle année a t-elle été découverte ? 1781
19%
Quelle est la seule sonde à avoir exploré Uranus, en 1986 ? Voyager 2
19%
Quel impact a cette caractéristique sur son climat ? Les saisons sont violentes
15%
Aucun quiz correspondant
Distribution des résultats
% des personnes avec chaque résultat
Percentile par nombre de réponses
Votre historique - résultats
Vous n’avez pas pris ce quiz